| 000 | 00587nam a2200193 a 4500 | ||
|---|---|---|---|
| 005 | 20220903164551.0 | ||
| 008 | 991125s1992 mx 000 0 spa u | ||
| 020 | _a9682941563 | ||
| 035 | _aUPN01000025943 | ||
| 049 | _aI | ||
| 050 | 4 |
_aPZ88 _bM3.48 |
|
| 100 | 1 |
_aMachado, Ana María, _d1941- _929089 |
|
| 245 | 1 | 0 |
_aGente, animal y planta : _bel mundo me encanta / _cil. Walter Ono ; tr. Eduardo Langagne. |
| 260 |
_aMéxico : _bSEP, _c1992 |
||
| 300 |
_a[26] p. : _bil. |
||
| 650 | 0 |
_aCuentos brasileños _912674 |
|
| 650 | 4 |
_aECOLOGIA - _vLITERATURA JUVENIL _911238 |
|
| 905 | _aInfantil | ||
| 999 |
_c25943 _d25943 |
||